000 00580nam a2200205Ia 4500
005 20250508165436.0
008 008 250505s9999 xx 000 0 eng d
020 _a978-0-230-55173-2
037 _aTextBook
040 _aFEDL
_beng
_cFEDL
041 _aeng
_2eng
084 _a370.151, CHO/R
_qFEDL
100 _aChoudhary Girish Bala
_9780862
245 0 _aAdolescence education
260 _aDelhi, India
_bPHI Learning Private Limited
_c2014
300 _axxiii, 385p.
365 _aINR
_b425
942 _cTB
_h370.151, CHO/R
999 _c1395115
_d1395115